000 00747nas a2200265 454500
001 IICA0700905
003 BR-BrBNA
005 20260323111550.0
007 ta
008 260323b bl.|||p| |||| 00| 00por d
040 _aBR-BrBNA
_bpor
_cBiblioteca Nacional de Agricultura
041 _a(En)
072 _aK01
100 1 _aVenator, C.R.
245 1 _aHypocotyl color: evidence for polymorphism in Pinus caribaea
300 _av. 26(3) p. 265-267
650 _aPINHEIRO
650 _aPINUS CARIBAEA
650 _aHIPOCOTILO
650 _aCOR
650 _aPOLIMORFISMO
773 0 _tTURRIALBA (IICA)
_X0041-4360
_g(Jul-Sep 1976), v. 26(3) p. 265-267
_wIICA0700905
909 _a202603
_bLúcia
_c55
_dLúcia Elande
942 _2IICA
_n0
_cANA
999 _c340889
_d340889